Transformada de Fourier, integrales singulares e interpolación de operadores : con un apéndice acerca del método complejo de interpolación /

Guardado en:
Autor Principal: Sadosky, Cora, 1940-
Formato: Libro
Idioma:Spanish
Publicado: Caracas : Facultad de Ciencias, Universidad Central de Venezuela, 1976.
Series:Publicaciones de matemática U.C.V. fasc. 1
Etiquetas: Agregar Etiqueta
Sin Etiquetas, Sea el primero en etiquetar este registro!
LEADER 00709nam a22001575a 4500
001 MAT.inmabb003171
008 051031s1976####ve#######b####000#0#spa#d
005 20170508120604.0
245 1 0 |a Transformada de Fourier, integrales singulares e interpolación de operadores :  |b con un apéndice acerca del método complejo de interpolación /  |c Cora Sadosky. 
260 |a Caracas :  |b Facultad de Ciencias, Universidad Central de Venezuela,  |c 1976. 
300 |a xiii, 275 p. ;  |c 28 cm. 
440 0 |a Publicaciones de matemática U.C.V.  |n 2ª serie ;  |v fasc. 1 
504 |a Bibliografía: p. 273-275. 
100 1 |a Sadosky, Cora,  |d 1940- 
859 |h 42  |i Sa126t  |p A-4409  |b BIB. MATEMATICA 
859 |h 42  |i Sa126t  |p A-6746  |t Ej. 2  |b BIB. MATEMATICA